[Event "GER-chT U20"]
[Site "Magdeburg"]
[Date "2023.12.29"]
[Round "6.6"]
[White "Guelsen, Sinan Yilmaz"]
[Black "Mehner, Lorenz"]
[Result "1-0"]
[WhiteElo "1314"]
[BlackElo "1825"]
[PlyCount "53"]
[EventDate "2023.12.26"]
[EventType "team-swiss"]
[EventRounds "7"]
[EventCountry "GER"]
[SourceTitle "CBM 218 Extra"]
[Source "ChessBase"]
[SourceDate "2024.03.31"]
[SourceVersion "1"]
[SourceVersionDate "2024.03.31"]
[SourceQuality "1"]
[WhiteTeam "Karlsruhe SF"]
[BlackTeam "Chemnitz USG"]
[WhiteTeamCountry "GER"]
[BlackTeamCountry "GER"]

1. e4 c5 2. Nf3 d6 3. d4 cxd4 4. Nxd4 Nf6 5. Nc3 g6 6. Be3 Bg7 7. f3 0-0 8. Qd2 Nc6 9. Bc4 Bd7 10. h4 h5 11. 0-0-0 Rc8 12. Bb3 Ne5 13. Kb1 Nc4 14. Bxc4 Rxc4 15. Nde2 b5 16. Bh6 b4 17. Bxg7 Kxg7 18. Nd5 Nxd5 19. exd5 Qc7 20. Nd4 Rc8 21. g4 Rh8 22. Rde1 Qb6 23. Nf5+ Bxf5 24. gxf5 Rd4 25. Qg5 Re8 26. fxg6 fxg6 27. Rhg1 1-0

[Event "GER-ch U25-A"]
[Site "Willingen"]
[Date "2023.05.28"]
[Round "2"]
[White "Mehner, Lorenz"]
[Black "Hofmann, Benjamin1"]
[Result "1-0"]
[WhiteElo "1681"]
[BlackElo "1700"]
[PlyCount "49"]
[EventDate "2023.05.27"]
[EventType "swiss"]
[EventRounds "9"]
[EventCountry "GER"]
[SourceTitle "CBM 214 Extra"]
[Source "ChessBase"]
[SourceDate "2023.07.31"]
[SourceVersion "1"]
[SourceVersionDate "2023.07.31"]
[SourceQuality "1"]

1. d4 d5 2. c4 dxc4 3. Nf3 e6 4. e3 c5 5. Bxc4 a6 6. Qe2 b5 7. Bd3 Nf6 8. dxc5 Bxc5 9. e4 0-0 10. e5 Nd5 11. Bxh7+ Kxh7 12. Ng5+ Kg8 13. Qh5 Nf6 14. exf6 Qd3 15. fxg7 Kxg7 16. Nc3 Qf5 17. Qh4 Qe5+ 18. Nge4 Rh8 19. Qg4+ Kf8 20. Bf4 Qh5 21. Qxh5 Rxh5 22. Nxc5 e5 23. Be3 f5 24. f3 Nc6 25. Nd5 1-0

[Event "GER-ch U25-A"]
[Site "Willingen"]
[Date "2023.05.28"]
[Round "1"]
[White "Schwartz, Oliver"]
[Black "Mehner, Lorenz"]
[Result "1-0"]
[WhiteElo "1919"]
[BlackElo "1681"]
[PlyCount "57"]
[EventDate "2023.05.27"]
[EventType "swiss"]
[EventRounds "9"]
[EventCountry "GER"]
[SourceTitle "CBM 214 Extra"]
[Source "ChessBase"]
[SourceDate "2023.07.31"]
[SourceVersion "1"]
[SourceVersionDate "2023.07.31"]
[SourceQuality "1"]

1. d4 Nf6 2. c4 c5 3. d5 b5 4. cxb5 a6 5. Nc3 axb5 6. e4 b4 7. Nb5 d6 8. Bc4 Nxe4 9. Qe2 Nf6 10. Bf4 Ra6 11. Nxd6+ Rxd6 12. Bb5+ Rd7 13. Bxb8 Bb7 14. Bxd7+ Nxd7 15. Bg3 Bxd5 16. Nf3 e6 17. 0-0 Be7 18. Rfd1 0-0 19. a4 bxa3 20. bxa3 Qa8 21. a4 Rc8 22. Ne5 Nf6 23. f3 c4 24. Rdc1 c3 25. Be1 Bc5+ 26. Bf2 Qa7 27. Nd3 Bc4 28. Rxc3 Bd4 29. Rac1 1-0

[Event "GER-ch Youth-B"]
[Site "Willingen"]
[Date "2022.06.05"]
[Round "1"]
[White "Bako, Evelin"]
[Black "Mehner, Lorenz"]
[Result "1/2-1/2"]
[WhiteElo "1214"]
[BlackElo "1609"]
[PlyCount "282"]
[EventDate "2022.06.04"]
[EventType "swiss"]
[EventRounds "9"]
[EventCountry "GER"]
[SourceTitle "CBM 208 Extra"]
[Source "ChessBase"]
[SourceDate "2022.07.31"]
[SourceVersion "1"]
[SourceVersionDate "2022.07.31"]
[SourceQuality "1"]

1. e4 c5 2. Nf3 d6 3. d4 cxd4 4. Nxd4 Nf6 5. Nc3 g6 6. Be3 Bg7 7. f3 0-0 8. Qd2 Nc6 9. g4 Be6 10. h4 Ne5 11. Be2 Bc4 12. h5 Bxe2 13. Qxe2 Rc8 14. hxg6 hxg6 15. Qh2 Qa5 16. Bd2 Qb6 17. Nd5 Rfe8 18. Nxb6 axb6 19. Bh6 Nexg4 20. fxg4 Nxg4 21. Qd2 Nxh6 22. Rxh6 Bxh6 23. Qxh6 e5 24. Nf5 gxf5 25. exf5 Rxc2 26. f6 Rg2 27. 0-0-0 Rg6 28. Qh4 Re6 29. Rh1 Kf8 30. Qc4 Rexf6 31. Qc8+ Ke7 32. Qxb7+ Ke6 33. Qc8+ Ke7 34. Qc7+ Ke6 35. Qc8+ Ke7 36. b3 Rf2 37. Qc7+ Ke6 38. Rd1 Rgg2 39. Rxd6+ Kf5 40. Qxf7+ Ke4 41. Qd5+ Kf5 42. Qf7+ Ke4 43. Qh7+ Kf4 44. Rf6+ Ke3 45. Qh6+ Ke4 46. Qh4+ Ke3 47. Qh3+ Ke4 48. Qh7+ Ke3 49. Qh3+ Ke4 50. Rxf2 Rxf2 51. Qh7+ Ke3 52. Qh6+ Kd3 53. Qg6+ e4 54. Qd6+ Kc3 55. Qg3+ Rf3 56. Qe1+ Kd4 57. Qb4+ Ke5 58. Qb5+ Kf4 59. Qxb6 e3 60. Qf6+ Kg3 61. Qg5+ Kf2 62. Qh4+ Rg3 63. Qh2+ Rg2 64. Qf4+ Ke2 65. Qc4+ Kf2 66. Qh4+ Kf1 67. Qf4+ Ke2 68. Qc4+ Kf2 69. Qf4+ Ke2 70. a4 Rg1+ 71. Kc2 Rf1 72. Qc4+ Kf2 73. Qf4+ Ke2 74. Qg4+ Kf2 75. Kd3 Rb1 76. Qf4+ Kg2 77. Qxe3 Rxb3+ 78. Ke4 Rb4+ 79. Qd4 Rb8 80. Qg7+ Kh1 81. Qh6+ Kg1 82. Kd5 Ra8 83. Qg5+ Kf2 84. Qf4+ Ke2 85. Kc6 Kd3 86. Kb7 Ra5 87. Qb4 Rh5 88. Qb1+ Kc4 89. Qg6 Ra5 90. Qc6+ Kb4 91. Qe4+ Kb3 92. Qb1+ Kc4 93. Qc2+ Kb4 94. Qe4+ Kb3 95. Kb6 Rxa4 96. Qd3+ Kb4 97. Qb5+ Ka3 98. Kc5 Ra7 99. Qb4+ Ka2 100. Qb6 Ra4 101. Qb5 Ra7 102. Kc4 Rc7+ 103. Kd3 Rc1 104. Kd2 Rb1 105. Qa4+ Kb2 106. Qc2+ Ka1 107. Qa4+ Kb2 108. Kd3 Rc1 109. Qb4+ Ka2 110. Kd2 Rb1 111. Qa4+ Kb2 112. Qd4+ Kb3 113. Qb6+ Ka2 114. Qa5+ Kb3 115. Qb5+ Ka2 116. Qa4+ Kb2 117. Kd3 Rc1 118. Qd4+ Kb3 119. Kd2 Rb1 120. Qc3+ Ka2 121. Qc4+ Kb2 122. Qd4+ Kb3 123. Qc5 Kb2 124. Ke3 Re1+ 125. Kf4 Rf1+ 126. Kg5 Rc1 127. Qb4+ Kc2 128. Kf4 Kd3 129. Qb3+ Kd2 130. Ke4 Rc3 131. Qd5+ Kc2 132. Qa2+ Kd1 133. Qb1+ Kd2 134. Kd4 Rc2 135. Qb4+ Ke2 136. Ke4 Rd2 137. Kf4 Rd3 138. Qb1 Rd1 139. Qe4+ Kd2 140. Qe3+ Kc2 141. Ke4 Rd2 1/2-1/2